书目信息 |
| 题名: |
阳光季节:男孩对你说
|
|
| 作者: | 余培侠 主编 | |
| 分册: | ||
| 出版信息: | 北京 中国世界语出版社 1998.06 |
|
| 页数: | 310页 | |
| 开本: | 32开 | |
| 丛书名: | ||
| 单 册: | ||
| 中图分类: | G633.34 | |
| 科图分类: | ||
| 主题词: | 教育--各级 | |
| 电子资源: | ||
| ISBN: | 7-5052-0370-3 | |
| 000 | 00575nam0 2200193 45 | |
| 001 | 0011051930 | |
| 005 | 20001105191340.8 | |
| 010 | @a7-5052-0370-3@d16.50元 | |
| 100 | @a20001105d1998 km y0chiy0120 ea | |
| 101 | 0 | @achi |
| 105 | @a z 000yy | |
| 200 | 1 | @a阳光季节:男孩对你说@AYang Guang Ji Jie:Nan Hai Dui Ni Shuo@f余培侠 主编@FYu Pei Xia Zhu Bian |
| 210 | @a北京@c中国世界语出版社@d1998.06 | |
| 215 | @a310页@d32开 | |
| 606 | 0 | @a教育@x各级 |
| 690 | @aG633.34@v3 | |
| 701 | 0 | @a余培侠@4主编 |
| 801 | @aCN@bPftUser@c20001105 | |
| 905 | @b198407-408@dG633.34@eY895/2@f2 | |
| 阳光季节:男孩对你说/余培侠 主编.-北京:中国世界语出版社,1998.06 |
| 310页;32开 |
| ISBN 7-5052-0370-3:16.50元 |
| ● |
| 相关链接 |
|
|
|
正题名:阳光季节:男孩对你说
索取号:G633.34/Y895/2
 
预约/预借
| 序号 | 登录号 | 条形码 | 馆藏地/架位号 | 状态 | 备注 |
| 1 | 198407 | 201984077 | 社科库409/409社科库 7排2列4层/ [索取号:G633.34/Y895/2] | 在馆 | |
| 2 | 198408 | 201984086 | 社科库409/ [索取号:G633.34/Y895/2] | 在馆 |